| 000 | 01154nam a22002417a 4500 | ||
|---|---|---|---|
| 005 | 20110520153650.0 | ||
| 008 | 110520t xxu||||| |||| 00| 0 mar d | ||
| 010 | _aMAR-20851 | ||
| 020 |
_a9788184980868 _c220.00 |
||
| 035 | _aMR-13509 | ||
| 037 | _bDBAD/PUB | ||
| 040 |
_aDPL _bMR |
||
| 082 | _a921 | ||
| 100 |
_aगोल्ड,जॅकलिन _928213 |
||
| 245 |
_aअ वुमन्स करेज / _cजॅकलिन गोल्ड :प्रशांत तळणीकर द्वारा अनुवादित |
||
| 246 |
_aA Woman's Courage _bby Jacqueline Gold |
||
| 260 |
_aपुणे _bमेहता पब्लिशिंग हाऊस _c2009 |
||
| 270 |
_a1941,सदाशिव पेठ माडीवाले कॉलनी _bपुणे _e411030 |
||
| 300 |
_aपाच,216 पृ _c21 सेमी (अजिल्द) |
||
| 700 |
_aतळणीकर,प्रशांत _928214 |
||
| 942 |
_2ddc _cMR _h921 _mगोळ्डजॅ |
||
| 999 |
_c52501 _d52501 |
||